| 000 | 00821 a2200205 4500 | ||
|---|---|---|---|
| 020 | _a0-8493-3758-5 | ||
| 020 | _a978-0-8493-3758-1 | ||
| 040 |
_aDLC _bDLC |
||
| 082 | 0 | 0 | _a004.2/2 |
| 100 | 1 | _aShiva, Sajjan G. | |
| 245 | 1 | 0 |
_aAdvanced computer architectures _cSajjan G. Shiva |
| 260 |
_aBoca Raton : _bCRC Taylor & Francis, _c2006 |
||
| 300 |
_axiv, 335 p. : _bill. ; _c25 cm. |
||
| 505 | 0 | _aIntroduction -- Uniprocessor architecture overview -- Models and terminology -- Pipelining -- Vector processors -- Array processors -- Multiprocessor systems -- Current directions. | |
| 650 | 0 | _aComputer architecture | |
| 650 | 0 | _aParallel computers | |
| 650 | 0 | _aHigh performance computing | |
| 856 | 4 | 2 |
_3Publisher description _uhttp://www.loc.gov/catdir/enhancements/fy0648/2005049280-d.html |
| 942 |
_cBK _k004.22 SHI _2ddc |
||
| 999 |
_c5427 _d5427 |
||